00905nam a2200229 a 4500001001000000005001700010041000800027044000700035084002000042100004500062245008200107260004800189300001400237500011900251546002100370650005200391650005600443650003400499650004500533700004700578740005000625BRCA_345020190320204305.0 aswe asw a739b.L87c18571 aCervantes Saavedra, Miguel ded1547-161610aCervantes´ Don QuixotecFör Ungdom. Bearbetad efter Florian. Med Plancher. aEstocolmobTrykt hos J. W. Lundbergc[1857] a1 v.bil. aTraducción sueca anónima, compendiada y basada en la versión francesa de Florian. Rústica Lúdovik Osterc aTexto en : sueco14aNovela españolayÉpoca clásica, 1500-170014aLiteratura españolayÉpoca clásica, 1500-170014aNovela españolaySiglo XVII14aDon Quijote (Personaje ficticio)eNovela1 aFlorian, Jean-Pierred1755-1794eTraductor0 aEl Ingenioso Hidalgo Don Quijote de la Mancha